000 00285nam a22001337a 4500
008 180924b xxu||||| |||| 00| 0 eng d
020 _a9780393935684
041 _aeng
080 _a941
100 _a18
101 _aHIS
245 _aVoices of Freedom
_cFoner, E
942 _2udc
_cBK
999 _c48367
_d48367